Vplyv inovačných procesov na SCM

Klasifikácia štyroch vývojových stupňov logistiky. V poslednej vývojovej etape (Supply Chain Management-SCM) sa tvorivá činnosť logistiky zameriava na celý tvorivý hodnotový proces. Úloha logistiky spočíva vo výstavbe a v usporiadaní hodnotových podnikových procesov. Charakteristické pre takto chápa...

Descripción completa

Guardado en:
Detalles Bibliográficos
Autor principal: Stern, Juraj
Formato: Capítulo de libro
Lenguaje:eslovaco
Materias:
Etiquetas: Agregar Etiqueta
Sin Etiquetas, Sea el primero en etiquetar este registro!

MARC

LEADER 00000nla$a2200000$$$4500
001 0056935
005 20240502071637.0
041 0 |a slo 
044 |a SK 
245 1 0 |a Vplyv inovačných procesov na SCM  |c Juraj Stern 
520 |a Klasifikácia štyroch vývojových stupňov logistiky. V poslednej vývojovej etape (Supply Chain Management-SCM) sa tvorivá činnosť logistiky zameriava na celý tvorivý hodnotový proces. Úloha logistiky spočíva vo výstavbe a v usporiadaní hodnotových podnikových procesov. Charakteristické pre takto chápanú logistiku je nielen koordinácia podnikových činností, ale celostné usporiadanie hodnototvorného procesu so všetkými relevantnými podnikmi v celom hodnototvornom reťazci. Význam inovatívneho SCM pri realizácii neustále náročnejších podnikových cieľov. SCM by nemal chýbať v žiadnej manažérskej agende. Meranie stupňa uplatnenia SCM - štyri výkonnostné stupne. SCM je výzvou pre podniky, umožní im efektívnu realizáciu organizačných a výrobných procesov. V našich priemyselných podnikoch v prevažnej väčšine odvetví je SCM aplikované v nedostatočnej miere, a ak je, dosahuje len najnižší stupeň uplatnenia, najväčší skok patrí odvetviu výpočtovej techniky. 
610 2 0 |a procesy podnikové 
610 2 0 |a inovácia 
610 2 0 |a riadenie reťazcov dodávateľských 
610 2 0 |a stratégia podniková 
610 2 0 |a stratégia inovačná 
610 2 0 |a logistika 
100 1 |a Stern, Juraj